000 00610nam a2200253 a 4500
003 AR-BaBNM
005 20251128204412.0
008 082120s2002 ||||||||||||||000 | spa||
040 _cAR-BaBNM
100 1 _aEstrella Gutiérrez, Fermín
245 0 0 _aEl libro de las horas
260 _aBuenos Aires
_bLosada
_c1972
300 _a93 p.
500 _aContiene índice de las obras
650 4 _aLITERATURA ARGENTINA
650 4 _aCULTURA
650 4 _aHUMANIDADES
653 _aPOESIA LIRICA
653 _aSONETO
653 _aROMANCES
655 _aLITERATURA
942 _cBK
998 _cisola
999 _c7324
_d7324